[Event "Corsico op 26th"]
[Site "Corsico"]
[Date "2003.05.03"]
[Round "6"]
[White "Chiaretti, Roberto"]
[Black "Zigura, Oleg"]
[Result "0-1"]
[WhiteElo "2194"]
[BlackElo "2367"]
[PlyCount "82"]
[EventDate "2003.04.30"]
[EventType "swiss"]
[EventRounds "7"]
[EventCountry "ITA"]
[SourceTitle "EXT 2007"]
[Source "ChessBase"]
[SourceDate "2006.11.23"]
[SourceVersion "1"]
[SourceVersionDate "2006.11.23"]
[SourceQuality "1"]

1. e4 c5 2. c3 b6 3. d4 Bb7 4. f3 e6 5. Be3 Nf6 6. Bd3 Nc6 7. a3 Qc8 8. b4 Be7 9. Ne2 a5 10. b5 Nb8 11. a4 d6 12. Nd2 Nbd7 13. 0-0 Qc7 14. Qe1 h6 15. Kh1 0-0-0 16. Bb1 g5 17. Nc1 Rdg8 18. Bg1 h5 19. Nd3 g4 20. dxc5 dxc5 21. Nc4 h4 22. Be3 gxf3 23. gxf3 Ng4 24. Bf4 e5 25. Bd2 f5 26. Nf2 Nxf2+ 27. Rxf2 f4 28. Rg2 Nf6 29. Rxg8+ Rxg8 30. Bd3 Kb8 31. Qe2 Nh5 32. Rg1 Rh8 33. Kg2 h3+ 34. Kf1 Ng3+ 35. hxg3 fxg3 36. Ne3 Bg5 37. Ng4 Bf4 38. Be1 g2+ 39. Rxg2 hxg2+ 40. Qxg2 Bc8 41. Ke2 Bxg4 0-1

[Event "Corsico op 26th"]
[Site "Corsico"]
[Date "2003.05.02"]
[Round "4"]
[White "Zigura, Oleg"]
[Black "Astengo, Marcello"]
[Result "1-0"]
[WhiteElo "2367"]
[BlackElo "2055"]
[PlyCount "45"]
[EventDate "2003.04.30"]
[EventType "swiss"]
[EventRounds "7"]
[EventCountry "ITA"]
[SourceTitle "EXT 2007"]
[Source "ChessBase"]
[SourceDate "2006.11.23"]
[SourceVersion "1"]
[SourceVersionDate "2006.11.23"]
[SourceQuality "1"]

1. e4 e6 2. d4 d5 3. Nc3 Nf6 4. Bd3 c5 5. exd5 Nxd5 6. Nf3 Nxc3 7. bxc3 Nd7 8. 0-0 Be7 9. Re1 0-0 10. Ne5 Nf6 11. Rb1 Qc7 12. Qf3 Qd8 13. Bg5 h6 14. Bxf6 Bxf6 15. Qe4 Re8 16. Qh7+ Kf8 17. Nxf7 Kxf7 18. Bg6+ Ke7 19. Bxe8 Kxe8 20. d5 b6 21. dxe6 Qe7 22. Rbd1 Rb8 23. Qg6+ 1-0

[Event "Saint Quentin op 6th"]
[Site "Elancourt"]
[Date "2003.04.16"]
[Round "6"]
[White "Zigura, Oleg"]
[Black "Serafimov, Tervel"]
[Result "0-1"]
[WhiteElo "2367"]
[BlackElo "2276"]
[PlyCount "27"]
[EventDate "2003.04.12"]
[EventType "swiss"]
[EventRounds "9"]
[EventCountry "FRA"]
[SourceTitle "CBM 093 Extra"]
[Source "ChessBase"]
[SourceDate "2003.05.09"]
[SourceVersion "1"]
[SourceVersionDate "2003.05.09"]
[SourceQuality "1"]

1. e4 c6 2. d4 d5 3. e5 Bf5 4. Ne2 e6 5. h4 h5 6. Ng3 Bg6 7. Be2 c5 8. Bxh5 Bxh5 9. Nxh5 a6 10. Nf4 Rxh4 11. 0-0 cxd4 12. c3 dxc3 13. Nxc3 Nc6 14. Re1 0-1

[Event "Saint Quentin op 6th"]
[Site "Elancourt"]
[Date "2003.04.15"]
[Round "5"]
[White "Zigura, Oleg"]
[Black "Strugnell, Carl"]
[Result "1-0"]
[WhiteElo "2367"]
[BlackElo "2108"]
[PlyCount "63"]
[EventDate "2003.04.12"]
[EventType "swiss"]
[EventRounds "9"]
[EventCountry "FRA"]
[SourceTitle "CBM 093 Extra"]
[Source "ChessBase"]
[SourceDate "2003.05.09"]
[SourceVersion "1"]
[SourceVersionDate "2003.05.09"]
[SourceQuality "1"]

1. e4 c5 2. Nf3 Nc6 3. Bb5 g6 4. Bxc6 bxc6 5. 0-0 Bg7 6. e5 f6 7. d4 cxd4 8. Bf4 Qb6 9. Nbd2 c5 10. Re1 Ba6 11. Rb1 f5 12. b4 cxb4 13. a3 Rc8 14. Rxb4 Qa5 15. Nb3 Qc7 16. Qxd4 e6 17. Ra4 Qc6 18. Ra5 Bf8 19. Qxa7 Ra8 20. Qe3 Ne7 21. Bh6 Nd5 22. Qd2 Be7 23. Nfd4 Qc4 24. Bg7 Rg8 25. Bf6 Nxf6 26. exf6 Bxf6 27. Rc5 Qa4 28. Nxe6 dxe6 29. Rxe6+ Be7 30. Rc7 Rg7 31. Qd6 Qh4 32. Qc6+ 1-0

[Event "Saint Quentin op 6th"]
[Site "Elancourt"]
[Date "2003.04.14"]
[Round "4"]
[White "Ayral, Vincent"]
[Black "Zigura, Oleg"]
[Result "0-1"]
[WhiteElo "2020"]
[BlackElo "2367"]
[PlyCount "52"]
[EventDate "2003.04.12"]
[EventType "swiss"]
[EventRounds "9"]
[EventCountry "FRA"]
[SourceTitle "CBM 093 Extra"]
[Source "ChessBase"]
[SourceDate "2003.05.09"]
[SourceVersion "1"]
[SourceVersionDate "2003.05.09"]
[SourceQuality "1"]

1. Nf3 Nf6 2. g3 b6 3. Bg2 Bb7 4. 0-0 e6 5. c4 c5 6. e3 Be7 7. b3 0-0 8. Bb2 Nc6 9. d4 cxd4 10. Nxd4 Qc7 11. Nc3 Nxd4 12. Qxd4 Bxg2 13. Kxg2 Rfd8 14. e4 Ne8 15. f4 d6 16. Rae1 Bf6 17. Qd2 a6 18. g4 b5 19. cxb5 axb5 20. Rf3 b4 21. Nb5 Qb7 22. a4 bxa3 23. Nxa3 Bxb2 24. Qxb2 Nf6 25. e5 dxe5 26. Rxe5 Rd3 0-1

[Event "FRA-chT2S 0203"]
[Site "France"]
[Date "2003.03.16"]
[Round "9.1"]
[White "Calistri, Tristan"]
[Black "Zigura, Oleg"]
[Result "0-1"]
[WhiteElo "2279"]
[BlackElo "2401"]
[PlyCount "145"]
[EventDate "2002.10.??"]
[EventType "team-tourn"]
[EventRounds "11"]
[EventCountry "FRA"]
[SourceTitle "EXT 2004"]
[Source "ChessBase"]
[SourceDate "2003.11.25"]
[SourceVersion "1"]
[SourceVersionDate "2003.11.25"]
[SourceQuality "1"]
[WhiteTeam "Creteil"]
[BlackTeam "Issy les Moulineaux"]
[WhiteTeamCountry "FRA"]
[BlackTeamCountry "FRA"]

1. e4 c6 2. d4 d5 3. Nc3 dxe4 4. Nxe4 g6 5. h3 Bg7 6. Nf3 Nf6 7. Nxf6+ exf6 8. Bc4 0-0 9. 0-0 Nd7 10. Bb3 Nb6 11. Re1 a5 12. a3 a4 13. Ba2 Re8 14. Bd2 Be6 15. Bxe6 Rxe6 16. Rxe6 fxe6 17. Qe2 Qd5 18. Re1 Re8 19. Be3 Qc4 20. Qxc4 Nxc4 21. Nd2 Nxe3 22. fxe3 e5 23. Kf2 f5 24. c3 Bf6 25. g3 b5 26. Nf3 e4 27. Nd2 Kf7 28. Ke2 Rc8 29. Rd1 h5 30. Rf1 Ke6 31. g4 hxg4 32. hxg4 c5 33. gxf5+ gxf5 34. dxc5 Rxc5 35. Rh1 Rc8 36. Rh7 Rg8 37. Rb7 Rg2+ 38. Kd1 Rg1+ 39. Ke2 Bh4 40. Rb6+ Ke7 41. Nf1 Rg2+ 42. Kd1 Rxb2 43. Nd2 Bf6 44. Rb7+ Kf8 45. Nc4 Rb1+ 46. Kc2 Rb3 47. Nd6 Rxc3+ 48. Kb1 Rb3+ 49. Kc2 Rc3+ 50. Kb1 Be5 51. Nxf5 Rc5 52. Nh6 Bd6 53. Ng4 Be7 54. Nf2 Re5 55. Nd1 Bxa3 56. Nc3 b4 57. Nxa4 Ke8 58. Kc2 Kd8 59. Kb3 Rd5 60. Kc4 Rd3 61. Nc5 Rxe3 62. Kd4 Rh3 63. Kxe4 Kc8 64. Rf7 b3 65. Nxb3 Rxb3 66. Kd5 Kd8 67. Rh7 Ke8 68. Ke5 Rb6 69. Kd5 Be7 70. Rh8+ Kd7 71. Ra8 Rb5+ 72. Kc4 Rc5+ 73. Kd4 0-1

[Event "Nancy Festival 1st"]
[Site "Nancy"]
[Date "2003.03.04"]
[Round "2"]
[White "David, Vincent"]
[Black "Zigura, Oleg"]
[Result "1-0"]
[WhiteElo "2356"]
[BlackElo "2379"]
[PlyCount "99"]
[EventDate "2003.03.03"]
[EventType "tourn"]
[EventRounds "9"]
[EventCountry "FRA"]
[EventCategory "4"]
[SourceTitle "CBM 093 Extra"]
[Source "ChessBase"]
[SourceDate "2003.05.09"]
[SourceVersion "1"]
[SourceVersionDate "2003.05.09"]
[SourceQuality "1"]

1. Nf3 d5 2. c4 e6 3. g3 Nf6 4. Bg2 Be7 5. 0-0 0-0 6. Qc2 c5 7. cxd5 Nxd5 8. a3 Nc6 9. e3 e5 10. b3 Be6 11. Bb2 Bf6 12. d3 Rc8 13. Nbd2 b6 14. Ne4 Re8 15. Rac1 h6 16. Qb1 Bf5 17. Rfe1 Qd7 18. Nfd2 Be7 19. Nc4 Bf8 20. Qa1 f6 21. Qb1 Be6 22. f4 exf4 23. gxf4 Bf7 24. f5 b5 25. Ncd2 Qxf5 26. Rf1 Qg6 27. Rf3 Ne5 28. Rg3 Qh5 29. Rf1 Kh8 30. Nf2 Be6 31. Nh3 Ng4 32. Bxd5 Bxd5 33. e4 Bd6 34. Rf5 Qg6 35. Nf4 Bxf4 36. Rxf4 Be6 37. h3 Qg5 38. Qf1 c4 39. bxc4 bxc4 40. dxc4 Qc5+ 41. Kh1 Ne5 42. Rxf6 Bg4 43. Qf4 Kh7 44. Bxe5 Rxe5 45. Rf7 Rg5 46. Rxg4 Rd8 47. Nf3 Rd1+ 48. Kh2 Kg8 49. Nxg5 hxg5 50. Rxg7+ 1-0

[Event "FRA-chT2S 0203"]
[Site "France"]
[Date "2003.??.??"]
[Round "10.2"]
[White "Roeder, Matthias"]
[Black "Zigura, Oleg"]
[Result "1-0"]
[WhiteElo "2485"]
[BlackElo "2401"]
[PlyCount "89"]
[EventDate "2002.10.??"]
[EventType "team-tourn"]
[EventRounds "11"]
[EventCountry "FRA"]
[SourceTitle "EXT 2004"]
[Source "ChessBase"]
[SourceDate "2003.11.25"]
[SourceVersion "1"]
[SourceVersionDate "2003.11.25"]
[SourceQuality "1"]
[WhiteTeam "Le Touquet"]
[BlackTeam "Issy les Moulineaux"]
[WhiteTeamCountry "FRA"]
[BlackTeamCountry "FRA"]

1. d4 d5 2. c4 e6 3. Nf3 Nf6 4. Nc3 Be7 5. Bf4 c6 6. e3 dxc4 7. Bxc4 Nd5 8. Bg3 a5 9. 0-0 Nd7 10. Ne4 N7f6 11. Nxf6+ Bxf6 12. Rc1 a4 13. a3 0-0 14. Bd3 Ne7 15. Be5 Bxe5 16. Nxe5 Qb6 17. Qh5 Nf5 18. Qe2 Qc7 19. Rc5 f6 20. Nf3 b6 21. Rc3 Bb7 22. Rfc1 Ne7 23. Qc2 Kf7 24. Bb5 Qd6 25. Bxa4 Nd5 26. Rd3 Rfc8 27. e4 Nf4 28. Rd2 Kg8 29. Qd1 Kh8 30. Bb3 Rd8 31. g3 Ng6 32. h4 Rac8 33. h5 Ne7 34. e5 Qd7 35. h6 Nd5 36. hxg7+ Qxg7 37. exf6 Qxf6 38. Qe2 c5 39. dxc5 Rxc5 40. Rxc5 bxc5 41. Qe5 Kg7 42. Qg5+ Qxg5 43. Nxg5 Re8 44. Ne4 Nf6 45. Nxf6 1-0

[Event "Nantes op 1st"]
[Site "Nantes"]
[Date "2002.12.30"]
[Round "7"]
[White "Zigura, Oleg"]
[Black "Inkiov, Ventzislav"]
[Result "1-0"]
[WhiteElo "2400"]
[BlackElo "2424"]
[PlyCount "66"]
[EventDate "2002.12.??"]
[EventType "swiss"]
[EventRounds "7"]
[EventCountry "FRA"]
[SourceTitle "EXT 2004"]
[Source "ChessBase"]
[SourceDate "2003.11.25"]
[SourceVersion "1"]
[SourceVersionDate "2003.11.25"]
[SourceQuality "1"]

1. e4 c5 2. Nf3 d6 3. Bb5+ Nc6 4. d4 cxd4 5. Qxd4 Bd7 6. Bxc6 Bxc6 7. Bg5 Nf6 8. Bxf6 gxf6 9. Nc3 Rg8 10. 0-0 f5 11. Qe3 Qa5 12. exf5 Bg7 13. f6 Bxf6 14. Ne4 0-0-0 15. Nxf6 exf6 16. Rfd1 Qh5 17. Rd3 Rde8 18. Qf4 Re5 19. Rc3 Rc5 20. Rxc5 dxc5 21. Kf1 Qd5 22. Re1 Qxa2 23. Qf5+ Kb8 24. b3 Bxf3 25. gxf3 Qa6+ 26. c4 Qd6 27. Qxh7 Rd8 28. Re3 a5 29. Kg2 Kc7 30. Qxf7+ Rd7 31. Qe6 Qf4 32. Qe4 Qd6 33. Qb1 Qf8 1-0

[Event "Bagneux 10th"]
[Site "Bagneux"]
[Date "2002.12.12"]
[Round "4"]
[White "Zigura, Oleg"]
[Black "Nguyen, Chi Minh"]
[Result "1/2-1/2"]
[WhiteElo "2401"]
[BlackElo "2358"]
[PlyCount "65"]
[EventDate "2002.12.09"]
[EventType "tourn"]
[EventRounds "9"]
[EventCountry "FRA"]
[EventCategory "5"]
[SourceTitle "CBM 091 Extra"]
[Source "ChessBase"]
[SourceDate "2003.01.09"]
[SourceVersion "1"]
[SourceVersionDate "2003.01.09"]
[SourceQuality "1"]

1. e4 e6 2. d4 d5 3. Nc3 Bb4 4. Bd3 dxe4 5. Bxe4 Nf6 6. Bf3 c5 7. Nge2 Nc6 8. a3 Bxc3+ 9. bxc3 cxd4 10. cxd4 e5 11. Bxc6+ bxc6 12. 0-0 Ba6 13. dxe5 Ne4 14. Bf4 Qxd1 15. Rfxd1 Bxe2 16. Re1 g5 17. Rxe2 Nc3 18. Re3 Nd5 19. Bxg5 Nxe3 20. Bxe3 0-0-0 21. Bxa7 Rd2 22. c3 Rhd8 23. Kf1 Rd1+ 24. Rxd1 Rxd1+ 25. Ke2 Rd5 26. f4 Ra5 27. Bd4 Kd7 28. g4 Rxa3 29. Kf3 Ra2 30. h4 Ra4 31. f5 Rc4 32. Ke4 Ra4 33. Kf3 1/2-1/2

[Event "FRA-chT2S 0203"]
[Site "France"]
[Date "2002.11.17"]
[Round "3.1"]
[White "Zigura, Oleg"]
[Black "Winants, Luc"]
[Result "0-1"]
[WhiteElo "2401"]
[BlackElo "2504"]
[PlyCount "122"]
[EventDate "2002.10.??"]
[EventType "team-tourn"]
[EventRounds "11"]
[EventCountry "FRA"]
[SourceTitle "EXT 2004"]
[Source "ChessBase"]
[SourceDate "2003.11.25"]
[SourceVersion "1"]
[SourceVersionDate "2003.11.25"]
[SourceQuality "1"]
[WhiteTeam "Issy les Moulineaux"]
[BlackTeam "Cappelle la Grande"]
[WhiteTeamCountry "FRA"]
[BlackTeamCountry "FRA"]

1. d4 Nf6 2. g3 d5 3. Nf3 c6 4. Bg2 Bf5 5. 0-0 e6 6. c4 Be7 7. Nc3 Nbd7 8. h3 Ne4 9. Nd2 Nxd2 10. Bxd2 Nf6 11. Qb3 Qb6 12. c5 Qxb3 13. axb3 Ne4 14. Nxe4 Bxe4 15. f3 Bg6 16. b4 a6 17. Rfe1 0-0 18. e4 Rad8 19. Bc3 Rd7 20. e5 Rdd8 21. Re3 Rde8 22. f4 Bd8 23. Rf1 Bc7 24. Rfe1 Rc8 25. Ra1 Rfe8 26. Bf3 Kf8 27. h4 h5 28. Be2 Ke7 29. Bd3 Bxd3 30. Rxd3 f6 31. Kg2 Kf7 32. Rf3 Kg6 33. f5+ exf5 34. Raf1 Re6 35. Rxf5 Rh8 36. Kf3 Kf7 37. g4 hxg4+ 38. Kxg4 Bd8 39. Bd2 Ke8 40. h5 Kd7 41. exf6 Bxf6 42. Bg5 Re4+ 43. R5f4 Ke6 44. Bxf6 gxf6 45. R1f2 f5+ 46. Kh4 Kf6 47. Rf1 Rhe8 48. h6 Kg6 49. h7 Rxf4+ 50. Rxf4 Rh8 51. Kg3 Rxh7 52. Rf2 Re7 53. Kf3 Re4 54. Rd2 Kg5 55. Rg2+ Rg4 56. Rd2 f4 57. b5 Rg3+ 58. Kf2 axb5 59. Kf1 Kf5 60. Rh2 Ke4 61. Rh4 Rf3+ 0-1

[Event "Creon op 7th"]
[Site "Creon"]
[Date "2002.07.29"]
[Round "1"]
[White "Zigura, Oleg"]
[Black "Cochet, Caroline"]
[Result "1-0"]
[WhiteElo "2388"]
[BlackElo "2043"]
[PlyCount "39"]
[EventDate "2002.07.29"]
[EventType "swiss"]
[EventRounds "9"]
[EventCountry "FRA"]
[SourceTitle "CBM 089 Extra"]
[Source "ChessBase"]
[SourceDate "2002.09.10"]
[SourceVersion "2"]
[SourceVersionDate "2002.09.10"]
[SourceQuality "1"]

1. d4 d5 2. Nf3 Nf6 3. g3 c5 4. Bg2 e6 5. 0-0 Bd6 6. c4 0-0 7. cxd5 Nxd5 8. e4 Nb6 9. Nc3 cxd4 10. Nxd4 e5 11. Nf5 Bxf5 12. exf5 Nc6 13. f6 Bc7 14. fxg7 Kxg7 15. Qh5 Qf6 16. Be4 h6 17. f4 Rh8 18. fxe5 Qe6 19. Rf6 Qe7 20. Bxh6+ 1-0

[Event "Syre Memorial op 25th"]
[Site "Issy les Moulineaux"]
[Date "2002.05.11"]
[Round "6"]
[White "Razat, Romain"]
[Black "Zigura, Oleg"]
[Result "0-1"]
[WhiteElo "2069"]
[BlackElo "2377"]
[PlyCount "105"]
[EventDate "2002.05.08"]
[EventType "swiss"]
[EventRounds "7"]
[EventCountry "FRA"]
[SourceTitle "EXT 2004"]
[Source "ChessBase"]
[SourceDate "2003.11.25"]
[SourceVersion "1"]
[SourceVersionDate "2003.11.25"]
[SourceQuality "1"]

1. e4 c5 2. c3 b6 3. d4 Bb7 4. Bd3 Nf6 5. d5 e5 6. c4 d6 7. Ne2 Be7 8. 0-0 0-0 9. Ng3 Ne8 10. f4 exf4 11. Rxf4 Nd7 12. Na3 Ne5 13. Bc2 Bg5 14. Rf5 Bxc1 15. Rxc1 g6 16. Rf4 Qg5 17. Qd2 h5 18. Rf2 Qxd2 19. Rxd2 h4 20. Nf1 h3 21. Rf2 hxg2 22. Kxg2 Kg7 23. Nd2 Nf6 24. h3 a6 25. Rcf1 Nfd7 26. Nf3 Nxf3 27. Rxf3 Bc8 28. Ba4 Ne5 29. Rg3 Rh8 30. Bd1 Rh4 31. Bf3 Bd7 32. b3 Rah8 33. Rh1 Rxh3 34. Rhxh3 Rxh3 35. Rxh3 Bxh3+ 36. Kxh3 Nxf3 37. Kg4 Ne5+ 38. Kg3 f5 39. exf5 gxf5 40. Nc2 Kf6 41. Ne1 Kg5 42. Ng2 Nd3 43. a3 f4+ 44. Kf3 Kf5 45. Nh4+ Ke5 46. Ng6+ Kd4 47. Ne7 Nc1 48. Nc8 Ke5 49. Nxb6 Nxb3 50. Nd7+ Kd4 51. Kxf4 Kxc4 52. Ke4 Nd2+ 53. Ke3 0-1

[Event "Paris Apsap op 52nd"]
[Site "Paris"]
[Date "2002.04.13"]
[Round "1"]
[White "Zigura, Oleg"]
[Black "Patrat, Joel"]
[Result "1-0"]
[WhiteElo "2377"]
[BlackElo "2011"]
[PlyCount "131"]
[EventDate "2002.04.17"]
[EventType "swiss"]
[EventRounds "9"]
[EventCountry "FRA"]
[SourceTitle "EXT 2003"]
[Source "ChessBase"]
[SourceDate "2002.11.25"]
[SourceVersion "1"]
[SourceVersionDate "2002.11.25"]
[SourceQuality "1"]

1. e4 c5 2. Nf3 e6 3. b3 Qc7 4. Bb2 Nc6 5. Bb5 d6 6. 0-0 Bd7 7. Re1 Nf6 8. Nc3 Be7 9. Bxc6 Bxc6 10. d4 cxd4 11. Nxd4 a6 12. Nxc6 bxc6 13. Na4 e5 14. c4 0-0 15. c5 dxc5 16. Qc2 Nd7 17. Qc4 Rfb8 18. Red1 Rb4 19. Qc2 Rab8 20. Bc3 R4b5 21. Nb2 f6 22. Qd3 Nf8 23. Qc4+ Kh8 24. Rd2 Qc8 25. Rad1 Qe6 26. Qe2 h6 27. Nc4 Qc8 28. Qh5 Ne6 29. Rd7 R5b7 30. Rxb7 Rxb7 31. Qg4 Rb8 32. Nd6 Bxd6 33. Rxd6 Nd4 34. Rd7 Qf8 35. h4 Re8 36. h5 Re7 37. Rxe7 Qxe7 38. Qc8+ Kh7 39. Qxa6 Qd7 40. Qd3 Qg4 41. Bxd4 cxd4 42. a4 Qxh5 43. a5 Qf7 44. Qc4 Qd7 45. Kf1 d3 46. Ke1 d2+ 47. Kd1 Qa7 48. Qc3 Qxf2 49. Qxd2 Qg1+ 50. Kc2 Qa1 51. b4 Qa4+ 52. Kc3 c5 53. Kc4 cxb4 54. Qxb4 Qc6+ 55. Kd3 Qa6+ 56. Kc3 Qe2 57. Qb6 Qe1+ 58. Kb3 Qb1+ 59. Ka3 Qd3+ 60. Qb3 Qd6+ 61. Ka4 Qc6+ 62. Kb4 Qxe4+ 63. Qc4 Qb7+ 64. Kc3 Qa7 65. Qd5 Kg6 66. Kb4 1-0

[Event "FRA-chT2"]
[Site "France"]
[Date "2002.03.24"]
[Round "11.1"]
[White "Zigura, Oleg"]
[Black "Bernard, Christophe"]
[Result "1-0"]
[WhiteElo "2377"]
[BlackElo "2371"]
[PlyCount "111"]
[EventDate "2002.??.??"]
[EventType "team-tourn"]
[EventRounds "11"]
[EventCountry "FRA"]
[SourceTitle "EXT 2003"]
[Source "ChessBase"]
[SourceDate "2002.11.25"]
[SourceVersion "1"]
[SourceVersionDate "2002.11.25"]
[SourceQuality "1"]

1. e4 c5 2. Nf3 d6 3. Bb5+ Bd7 4. Bxd7+ Qxd7 5. c4 Nc6 6. 0-0 Nf6 7. Nc3 g6 8. d3 Bg7 9. h3 0-0 10. Be3 a6 11. Rb1 Rab8 12. Nd5 b5 13. Bg5 Ne8 14. cxb5 axb5 15. a4 e6 16. axb5 Rxb5 17. Nc3 Rb4 18. Qd2 Nc7 19. Bh6 Rfb8 20. Bxg7 Kxg7 21. Ne2 e5 22. Nh2 Qe7 23. Ng4 h5 24. Ne3 Kg8 25. Nc4 d5 26. exd5 Nxd5 27. Ra1 e4 28. Nc3 Nf6 29. Rfe1 Qd8 30. Nxe4 Nd4 31. Qg5 Nxe4 32. Qxd8+ Rxd8 33. Rxe4 Ne6 34. Ra3 Nd4 35. Kh2 Nb5 36. Ra6 Rxd3 37. Re8+ Kg7 38. Ne5 Rd6 39. Ra5 Rxb2 40. Nc4 Rxf2 41. Rxb5 Rd1 42. Rxc5 Rc1 43. Rcc8 h4 44. Ne3 Rxc8 45. Rxc8 f5 46. Rc2 Rf4 47. Rc4 Rxc4 48. Nxc4 g5 49. Kg1 Kf6 50. Kf2 Ke6 51. Ke3 Kd5 52. Nd2 Ke5 53. Nf3+ Kf6 54. Kd4 g4 55. hxg4 fxg4 56. Nxh4 1-0

[Event "FRA-ch Accession"]
[Site "Marseille"]
[Date "2001.08.14"]
[Round "1"]
[White "Gachet, Sebastien"]
[Black "Zigura, Oleg"]
[Result "0-1"]
[WhiteElo "2175"]
[BlackElo "2385"]
[PlyCount "84"]
[EventDate "2001.08.14"]
[EventType "swiss"]
[EventRounds "9"]
[EventCountry "FRA"]
[SourceTitle "EXT 2002"]
[Source "ChessBase"]
[SourceDate "2001.11.25"]
[SourceVersion "1"]
[SourceVersionDate "2001.11.25"]
[SourceQuality "1"]

1. e4 c5 2. Nf3 Nc6 3. d4 cxd4 4. Nxd4 Qc7 5. Nc3 e6 6. Be2 a6 7. a4 Bb4 8. 0-0 Nf6 9. Bg5 h6 10. Bh4 Ne5 11. Na2 Bc5 12. b4 Be7 13. f3 d5 14. f4 Nc4 15. e5 Ne4 16. Bxe7 Kxe7 17. Bxc4 Qxc4 18. Qd3 b5 19. axb5 axb5 20. Nxb5 Qxd3 21. cxd3 Ba6 22. dxe4 Bxb5 23. Rfc1 d4 24. Rc7+ Bd7 25. Rc4 d3 26. Rc3 Ra7 27. Rxd3 Rha8 28. Rd2 Bb5 29. Rc2 g6 30. Rc5 Rb8 31. Kf2 Ra3 32. h3 h5 33. Kg1 h4 34. Kh2 Kf8 35. Nc3 Rxa1 36. Nxb5 Kg7 37. f5 gxf5 38. exf5 exf5 39. Nd4 Rxb4 40. Nxf5+ Kg6 41. Ne3 Rab1 42. g4 R4b2+ 0-1

[Event "Metz op 19th"]
[Site "Metz"]
[Date "2001.04.15"]
[Round "9"]
[White "Krivoshey, Sergei"]
[Black "Zigura, Oleg"]
[Result "1/2-1/2"]
[WhiteElo "2455"]
[BlackElo "2392"]
[PlyCount "73"]
[EventDate "2001.04.07"]
[EventType "swiss"]
[EventRounds "9"]
[EventCountry "FRA"]
[SourceTitle "CBM 081 Extra"]
[Source "ChessBase"]
[SourceDate "2001.05.06"]
[SourceVersion "1"]
[SourceVersionDate "2001.05.06"]
[SourceQuality "1"]

1. d4 Nf6 2. c4 g6 3. Nc3 d5 4. cxd5 Nxd5 5. e4 Nxc3 6. bxc3 Bg7 7. Nf3 b6 8. Bb5+ Bd7 9. Be2 Nc6 10. h4 e5 11. Bg5 f6 12. Be3 Qe7 13. d5 Na5 14. c4 h5 15. c5 Bh6 16. d6 cxd6 17. Bxh6 Rxh6 18. cxd6 Qe6 19. 0-0 Rh7 20. Qd2 Bc6 21. Rac1 Rd8 22. Rfd1 Rhd7 23. Qh6 Qg8 24. Rxc6 Nxc6 25. Bb5 Rxd6 26. Rc1 Kd7 27. Bc4 Qh8 28. Qxg6 Rc8 29. Bb5 Ke7 30. Rxc6 Rcxc6 31. Bxc6 Rxc6 32. Nxe5 Rc1+ 33. Kh2 fxe5 34. Qg5+ Qf6 35. Qxc1 Qxh4+ 36. Kg1 Qxe4 37. Qc7+ 1/2-1/2

[Event "Metz op 19th"]
[Site "Metz"]
[Date "2001.04.13"]
[Round "7"]
[White "Zigura, Oleg"]
[Black "De Lagontrie, Jean"]
[Result "1-0"]
[WhiteElo "2392"]
[BlackElo "2108"]
[PlyCount "67"]
[EventDate "2001.04.07"]
[EventType "swiss"]
[EventRounds "9"]
[EventCountry "FRA"]
[SourceTitle "CBM 081 Extra"]
[Source "ChessBase"]
[SourceDate "2001.05.06"]
[SourceVersion "1"]
[SourceVersionDate "2001.05.06"]
[SourceQuality "1"]

1. e4 c5 2. Nf3 Nc6 3. Bb5 g6 4. 0-0 Bg7 5. Bxc6 dxc6 6. d3 Nf6 7. h3 0-0 8. Re1 h6 9. Nc3 Be6 10. e5 Nh7 11. Ne4 b6 12. Bd2 Qd7 13. Qc1 g5 14. Bc3 Rad8 15. Qe3 Rfe8 16. Ng3 f5 17. Nh5 Bh8 18. h4 f4 19. Qe4 Bf5 20. e6 Qd5 21. Qxd5 Rxd5 22. Bxh8 Kxh8 23. Ne5 Rxe5 24. Rxe5 Bg4 25. Nxf4 gxf4 26. f3 Rg8 27. fxg4 Rxg4 28. Rf5 Nf6 29. Rxf6 exf6 30. e7 Rg8 31. Re1 Re8 32. Kf2 Kg7 33. Kf3 Kf7 34. Kxf4 1-0